Kvety orgovánu

Bibliographic Details
Main Author: Budayová, Silvia, 1989- (Author)
Other Authors: Cvacho, Igor, 1961- (Illustrator), Grupač, Marián, 1973- (Author of afterword, colophon, etc.)
Format: Book
Language:Slovak
PhysicalDescription:47 strán 18 cm
Published: Nitra Autorka vlastným nákladom 2021
ISBN:9788057026419
Subjects:

MARC

LEADER 00000cam a2200000 4500
001 vtls012055414
003 SK-MaSNL
005 20260301215623.0
008 210524s2021 xo a gr 010 p slo
015 |a SNBA2021/08 
020 |a 9788057026419  |q (viazané) 
040 |a SNK  |b slo  |c SNK  |e rda 
041 0 |a slo 
044 |a xo  |c SK 
072 7 |a 821.162.4-1  |x Slovenská poézia  |2 konspekt 
080 |a 821.162.4-1  |2 2011 
100 1 |a Budayová, Silvia,  |d 1989-  |4 aut  |9 187288 
245 1 0 |a Kvety orgovánu  |c Silvia Budayová 
264 1 |a Nitra  |b Autorka vlastným nákladom  |c 2021 
300 |a 47 strán  |c 18 cm 
336 |a text  |b txt  |2 rdacontent 
337 |a bez média  |b n  |2 rdamedia 
338 |a zväzok  |b nc  |2 rdacarrier 
500 |a Obsahuje biografické údaje o autorke na zadnej strane obálky 
655 7 |a slovenská poézia  |2 SNKPH  |9 70444 
655 7 |a Slovak poetry  |2 SNKPHeng  |9 265010 
700 1 |a Cvacho, Igor,  |d 1961-  |4 ill  |9 98617 
700 1 |a Grupač, Marián,  |d 1973-  |4 aft  |9 88309 
919 |a 978-80-570-2641-9 
958 |a LX 
964 9 |a Silvia Budayová (Nitra, Slovensko) 
999 |c 928978  |d 930908 
952 |a SNK  |b SNK  |y PREZ  |7 0  |p 17A1453609  |o snkSD 89821  |i snk2021/5569  |8 0  |0 0  |1 0  |4 0  |d 2021-05-24  |f 1  |l 0  |r 2026-02-24 08:43:07  |w 2026-02-24 
952 |a SNK  |b SNK  |y VYP  |7 0  |p 17A1453610  |o snkSD 89821 D1  |i snk2021/5570  |8 0  |0 0  |1 0  |4 0  |d 2021-05-24  |l 0  |r 2026-02-24 08:43:07  |w 2026-02-24